Diagnosis in color physical signs in general medicine / (Record no. 966)

MARC details
000 -LEADER
fixed length control field 00572nam a22002057a 4500
003 - CONTROL NUMBER IDENTIFIER
control field OSt
005 - DATE AND TIME OF LATEST TRANSACTION
control field 20150121152738.0
008 - FIXED-LENGTH DATA ELEMENTS--GENERAL INFORMATION
fixed length control field 150121b xxu||||| |||| 00| 0 eng d
020 ## - INTERNATIONAL STANDARD BOOK NUMBER
International Standard Book Number 0723423261
040 ## - CATALOGING SOURCE
Transcribing agency dnlm
082 ## - DEWEY DECIMAL CLASSIFICATION NUMBER
Classification number WB 200 Z19d 1996
100 ## - MAIN ENTRY--PERSONAL NAME
Personal name Zatouroff Michael
9 (RLIN) 2591
245 ## - TITLE STATEMENT
Title Diagnosis in color physical signs in general medicine /
Statement of responsibility, etc. Michael Zatouroff
250 ## - EDITION STATEMENT
Edition statement 2nd ed.
260 ## - PUBLICATION, DISTRIBUTION, ETC. (IMPRINT)
Place of publication, distribution, etc. London :
Name of publisher, distributor, etc. Mosby-Wolfe
Date of publication, distribution, etc. 1996
300 ## - PHYSICAL DESCRIPTION
Extent vii, 439 p :
Other physical details col.ill ;
Dimensions 24 cm
504 ## - BIBLIOGRAPHY, ETC. NOTE
Bibliography, etc Includes index.
650 ## - SUBJECT ADDED ENTRY--TOPICAL TERM
Topical term or geographic name as entry element General medicine
9 (RLIN) 2101
942 ## - ADDED ENTRY ELEMENTS (KOHA)
Source of classification or shelving scheme Other/Generic Classification Scheme
Koha item type Short Loan
Holdings
Withdrawn status Lost status Source of classification or shelving scheme Damaged status Not for loan Home library Current library Date acquired Source of acquisition Inventory number Total Checkouts Full call number Barcode Date last seen Price effective from Koha item type
    Other/Generic Classification Scheme     MUST Main Library MUST Main Library 21/01/2015   2005/23076   WB 200 Z19d 1996 2015-0208 21/01/2015 21/01/2015 Short Loan